El cielo cambia / (Registro nro. 3779)

Detalles MARC
000 -LEADER
fixed length control field 01077nam a2200289Ia 4500
003 - CONTROL NUMBER IDENTIFIER
control field OSt
005 - DATE AND TIME OF LATEST TRANSACTION
control field 20250522114630.0
008 - FIXED-LENGTH DATA ELEMENTS--GENERAL INFORMATION
fixed length control field 191128s2011 ck e 000 f spa d
020 ## - INTERNATIONAL STANDARD BOOK NUMBER
International Standard Book Number 9788466647656
040 ## - CATALOGING SOURCE
Original cataloging agency CO-JMCR
Transcribing agency CO-JMCR
041 ## - LANGUAGE CODE
Language code of text/sound track or separate title spa
082 04 - DEWEY DECIMAL CLASSIFICATION NUMBER
Classification number J-N
Item number JENc
100 ## - MAIN ENTRY--PERSONAL NAME
Personal name Jenny, Zoë,
Relator term autora
9 (RLIN) 7304
245 13 - TITLE STATEMENT
Title El cielo cambia /
Statement of responsibility, etc. Zoë Jenny ; traducción de Magdalena Palmer
250 ## - EDITION STATEMENT
Edition statement Primera edición
260 ## - PUBLICATION, DISTRIBUTION, ETC.
Place of publication, distribution, etc. Bogotá
260 ## - PUBLICATION, DISTRIBUTION, ETC.
Name of publisher, distributor, etc. Ediciones B
260 ## - PUBLICATION, DISTRIBUTION, ETC.
Date of publication, distribution, etc. 2011
300 ## - PHYSICAL DESCRIPTION
Extent 157 páginas ;
Dimensions 23 cm.
500 ## - GENERAL NOTE
General note "Un retrato fascinante de una ciudad inquieta y de la lucha de una joven por encontrar su lugar en el mundo"--tapa
520 ## - SUMMARY, ETC.
Summary, etc. Cuenta la historia personal de Claire, una joven de treinta y pocos años a quien un accidente de coche le impide continuar con su brillante carrera como bailarina, sumiéndola en una profunda crisis personal.
534 ## - ORIGINAL VERSION NOTE
Introductory phrase The sky is changing
546 ## - LANGUAGE NOTE
Language note Traducido del inglés
650 14 - SUBJECT ADDED ENTRY--TOPICAL TERM
Topical term or geographic name entry element Novela juvenil
9 (RLIN) 7305
700 ## - ADDED ENTRY--PERSONAL NAME
Personal name Palmer, Magdalena,
Relator term traductora
9 (RLIN) 7306
942 ## - ADDED ENTRY ELEMENTS (KOHA)
Source of classification or shelving scheme Dewey Decimal Classification
Koha item type Books
Existencias
Withdrawn status Lost status Source of classification or shelving scheme Damaged status Not for loan Home library Current library Date acquired Full call number Barcode Date last seen Copy number Koha item type
    Dewey Decimal Classification     Biblioteca Pública José María del Castillo y Rada Biblioteca Pública José María del Castillo y Rada 11/28/2019 J-N JENc 201808224 11/28/2019 Ej.1 Books